The impact of tax and financial regulatory policies on industrial innovation

Gardado en:
Detalles Bibliográficos
Formato: Libro
Idioma:Undetermined
Publicado: Washington, D. C. National Academy of Science 1980
Những chủ đề:
Các nhãn: Engadir etiqueta
Sen Etiquetas, Sexa o primeiro en etiquetar este rexistro!
Thư viện lưu trữ: Trung tâm Học liệu Trường Đại học Cần Thơ
LEADER 00476nam a2200157Ia 4500
001 CTU_86732
008 210402s9999 xx 000 0 und d
082 |a 343.07 
082 |b I.34 
245 4 |a The impact of tax and financial regulatory policies on industrial innovation 
260 |a Washington, D. C. 
260 |b National Academy of Science 
260 |c 1980 
650 |a Industrial policy 
904 |i Năm 
980 |a Trung tâm Học liệu Trường Đại học Cần Thơ